MDQL
is popping MORE tags! Check the
thread
!
Quizzes
Events
Quiz Creation
Community
Videos
Private Events
Remove Ads
Sign In
Join for FREE
Feedback
Dark Mode
Quiz Categories
Sports
Geography
Music
Movies
Television
Just For Fun
Miscellaneous
History
Literature
Language
Science
Gaming
Entertainment
Religion
Holiday
For Kids
Quiz Lab
Recent
Popular Today
Quiz Kudos Today
Editor Picks
Curator Picks
Quizzes by...
Day
Popularity
Type
Ratings
Length
Year
Community
Subscriptions
Recent Discussions
Orange Saloon
Badges
Playlists
Quests
Create
Leaderboards
Showdown
Live 5
Trivia Bingo
Activity
Puzzle Library
Sporcle Events
Private Events
Virtual Trivia
Globe League
Become a Host
Pub Owners
SporcleCon
Opinionation
Our Games
Videos
Blog
Mobile Apps
Partnerships
Remove Ads and Go Orange
Feedback
Gaming
Video Games
Board Games
Card Games
Pokémon
Mario
Nintendo
Minecraft
Console
Toys
Legend of Zelda
Gaming
Video Games
Board Games
Card Games
Pokémon
Mario
Nintendo
Minecraft
Console
Toys
Legend of Zelda
Random Quiz
Search Sporcle
×
Quiz Lab
Quiz Lab
Gaming
much
Click on answers out of a set of options
Click on answers out of a set of options
Multiple Choice
Best Score? Go Orange.
Jacksepticeye Quiz (easy) Stats
How much do you know about Jacksepticeye?
By
ThatsALotAKats
5m
10 Questions
1,586 Plays
1,586 Plays
1,586 Plays
Comments
Comments
Give Quiz Kudos
Give Quiz Kudos
-
- Ratings
hide this ad
Random Order
Randomize order of answers
Randomize order of answers
Replay
Link that replays current quiz
Next Quiz
Link to next quiz in quiz playlist
You Got
0%
They Got
Avg Score
71%
Avg Friend Score
Upgrade to see
Score Distribution
Jump to the score distribution portion of the page
Score
0/10
Timer
05:00
0
Plays Today
Question
Answer
Wrong Answers
What color did Jack dye his hair?
Green
94%
Red
0.4%
Pink
0.4%
Blue
0.6%
What is Jack's full name?
Sean William McLoughlin
91.9%
Sean Jack McLouglin
4.8%
Jack Sean McLouglin
2.2%
Jack Edward McLouglin
1.1%
What country does Jack live in?
Ireland
91.7%
Scottland
1.5%
USA
3%
Sweden
0.9%
What is the name of Jack's mascot?
Septic Eye Sam
89.2%
Septic Eye Sally
0.8%
Septic Eye Sal
1.6%
Septic Eye Sean
3.8%
What was the name of Jack's old dog?
Gizmo
75.5%
Max
9.4%
Charlie
6.3%
Ace
4.7%
What day was Jack born?
February 7th
64.7%
February 8th
20.3%
January 7th
7.3%
January 8th
7.1%
What year was Jack born?
1990
59.1%
1991
14.5%
1989
16.3%
1988
8%
What is the name of Jack's girlfriend (As of 2016)
Signe Hanson
57.1%
Amy Nelson
10.3%
Suzy Berhow
8.1%
He doesn't have one
19.7%
How many siblings does Jack have?
2 sisters 2 brothers
50.4%
3 sisters 1 brother
13.5%
1 sister 3 brothers
21.8%
0 sisters 4 brothers
10.8%
What was the first game Jack played with Markiplier?
Gmod Sandbox
38.5%
Gmod Murder
15.4%
Prophunt
32%
Rocket League
9%
Quiz Playlist
Details
Report
Send in Message
Add To Playlist
Multiple Choice:
Click on answers out of a set of options
Random Order:
Randomize order of answers
Last Updated: Feb 16, 2017
Quiz Scoreboard
CHALLENGE
Sign Up to Join the Scoreboard
Show All
Scores
Hide
Comments
May contain spoilers
Recently Published
Street Fighter Characters
by Artimus82
Gaming
60s
9x9 Crossword: Cartoon Network
by jackfrog10
Miscellaneous
3m
College Basketball Coaching Resumes
by pancakes188
Sports
9m
More to Explore
Quiz From the Vault
Featured Blog Post
Where Did the Easter Bunny Come From?
hide this ad
You Might Also Like...
Tags
much
Today's Top Quizzes in Gaming
Browse Gaming
hide this ad
Today's Top Quizzes in much
Browse much
Top Contributed Quizzes in Gaming
1
5-to-1: Consoles
2
7-to-1: Board Game Piece Blitz
3
5-to-1: Legend of Zelda
4
League of Legends Pro Players by Career/Team History
5
Destiny 2 exotic weapons by perk icons
6
Ultimate Genshin Impact Logic Puzzle (up to 4.3)
7
Franchise by Action Figure
8
Who's on the WWE 2K24 Cover?
9
Genshin Impact Logic Puzzle Quiz
10
Order the Pokémon Regions
Explore More
Trending Topics
Crossword
Kpop
NBA
Harry Potter
Marvel
Anime
Disney
Country
WWE
Soccer
NFL
Puzzle
Pokémon
Song
The Office
hide this ad
More By:
ThatsALotAKats
Quiz
Plays
Rating
Category
Featured
Created
Jacksepticeye Quiz (easy)
1,586
4.67
Gaming
Nov 24, 2016
Markiplier Quiz (easy)
1,390
4.00
Gaming
Nov 24, 2016
Go to Creator's Profile
Score Distribution
Quiz Creator Spotlight
ThatsALotAKats
Follow
Send a Message
Quizzes Created
-
Created Quiz Play Count
-
More By This Creator
Popular Quizzes Today
1
Find the US States - No Outlines Minefield
2
Find the Countries of Europe - No Outlines Minefield
3
The Countries of the World
4
Find the US States
5
Risky Map Clicking: Biggest States A-Z
6
US States
7
Popular People in 1961
8
Movies - When Are They Set?
More Gaming Quizzes
Canstruction: Games and Toys
Published
Trending Quizzes
Risky Map Clicking: Least Populous States A-Z
1-10 Letter G Words
Risky Map Clicking: Next State Alphabetically
Adjectives in 80s TV Shows
The Seven Year Switch: Catherine
Recently Updated
Leaping Animals
pecheneg
Reality TV Shows (A-Z)
bhenderson79
Rickey Henderson's Hall of Fame Teammates
pecheneg
Champions League XIs: Arsenal
pecheneg
Quick Pick: Celebrities in WWE's Hall of Fame
aduchscher
A-Z Keypad Blitz II
pecheneg
Multiple Oscar Actors
pecheneg
Mystery Phrase Blitz: Oscar 'Best Actors'
pecheneg
F. Scott Fitzgerald Novels
LTH
Pick 3 Villains
ddd62291
Trending Topics
Crossword
Harry Potter
Anime
NBA
Disney
Marvel
Kpop
Song
The Office
NFL
Country
WWE
Puzzle
Soccer
Pokémon
Your Account Isn't Verified!
In order to create a playlist on Sporcle, you need to verify the email address you used during registration. Go to your
Sporcle Settings
to finish the process.
Report this User
Report this user for behavior that violates our
Community Guidelines
.
Details:
Send Report
Go to the Sporcle.com Mobile Site →
Comments